|
|
|
|
| LEADER |
00000nam0a2200000 4500 |
| 001 |
216578 |
| 005 |
20231101230041.0 |
| 010 |
|
|
|a 9785397023856
|
| 035 |
|
|
|a (RuTPU)RU\TPU\book\236550
|
| 090 |
|
|
|a 216578
|
| 100 |
|
|
|a 20120528d2012 km y0rusy50 ca
|
| 101 |
0 |
|
|a rus
|
| 102 |
|
|
|a RU
|
| 105 |
|
|
|a a j 001zy
|
| 200 |
1 |
|
|a Наноструктурные покрытия и наноматериалы. Основы получения. Свойства. Области применения. Особенности современного наноструктурного направления в нанотехнологии
|e [пособие]
|f Н. А. Азаренков [и др.]
|g Харьковский национальный университет им. В. Н. Каразина (ХНУ) ; Сумской государственный университет
|
| 210 |
|
|
|a Москва
|c Либроком
|d 2012
|
| 215 |
|
|
|a 366 с.
|c ил.
|
| 320 |
|
|
|a Библиография в конце разделов.
|
| 320 |
|
|
|a Словарь терминов: с. 363-366.
|
| 330 |
|
|
|a В настоящем пособии приведена классификация наноразмерных структур, проанализированы их свойства. Обобщены сведения о проявлении размерных эффектов в физических, механических, термических и других свойствах наноструктурных материалов. Рассмотрены основные методы получения изолированных наночастиц, ультрадисперсных порошков, компактных нанокристаллических, нанопористых и аморфных материалов, фуллеренов, нанотрубок, а также наноструктурных покрытий. Кратко описаны методы исследований наноструктурных материалов. Изложены современные представления о формировании наноструктурных, нанокомпозитных покрытий, полученных ионно-плазменными методами осаждения. Описаны также растровый и просвечивающий позитронный микроскопы для исследования профилей вакансионных дефектов на глубине и сканирования вблизи поверхности. Изложены принципы ближнеполевой СВЧ-диагностики наноматериалов и сверхпроводников. Показаны возможности применения наноструктурных материалов и покрытий в технике.
|
| 606 |
1 |
|
|a Покрытия наноструктурные
|2 stltpush
|3 (RuTPU)RU\TPU\subj\70391
|9 84669
|
| 606 |
1 |
|
|a Наноматериалы
|2 stltpush
|3 (RuTPU)RU\TPU\subj\65850
|9 82201
|
| 610 |
1 |
|
|a нанокристаллические материалы
|
| 610 |
1 |
|
|a структурное состояние
|
| 610 |
1 |
|
|a нанопористые материалы
|
| 610 |
1 |
|
|a аморфные материалы
|
| 610 |
1 |
|
|a фуллерены
|
| 610 |
1 |
|
|a фуллериты
|
| 610 |
1 |
|
|a нанотрубки
|
| 610 |
1 |
|
|a нанокомпозиционные материалы
|
| 610 |
1 |
|
|a получение
|
| 610 |
1 |
|
|a исследование
|
| 610 |
1 |
|
|a нанокристаллические пленки
|
| 610 |
1 |
|
|a нанокристаллические покрытия
|
| 610 |
1 |
|
|a диагностика
|
| 610 |
1 |
|
|a медленные позитроны
|
| 610 |
1 |
|
|a ближнеполевая СВЧ-диагностика
|
| 610 |
1 |
|
|a графен
|
| 610 |
1 |
|
|a нитридные покрытия
|
| 610 |
1 |
|
|a физико-механические свойства
|
| 610 |
1 |
|
|a применение
|
| 610 |
1 |
|
|a индустрия
|
| 610 |
1 |
|
|a военное дело
|
| 610 |
1 |
|
|a учебные пособия
|
| 675 |
|
|
|a 620.197.6(075.8)
|v 3
|
| 675 |
|
|
|a 620.22(075.8)
|v 3
|
| 701 |
|
1 |
|a Азаренков
|b Н. А.
|g Николай Алексеевич
|
| 701 |
|
1 |
|a Береснев
|b В. М.
|g Вячеслав Мартынович
|
| 701 |
|
1 |
|a Погребняк
|b А. Д.
|g Александр Дмитриевич
|
| 701 |
|
1 |
|a Колесников
|b Д. А.
|g Дмитрий Александрович
|
| 712 |
0 |
2 |
|a Харьковский национальный университет им. В. Н. Каразина (ХНУ)
|c ( 1999- )
|2 stltpush
|3 (RuTPU)RU\TPU\col\18283
|
| 712 |
0 |
2 |
|a Сумской государственный университет
|y Сумы, Украина
|2 stltpush
|3 (RuTPU)RU\TPU\col\18284
|
| 801 |
|
1 |
|a RU
|b 63413507
|c 20120528
|
| 801 |
|
2 |
|a RU
|b 63413507
|c 20150529
|g RCR
|
| 900 |
|
|
|a Наноструктурные материалы
|
| 900 |
|
|
|a Порошковые технологии изготовления наноматериалов
|
| 900 |
|
|
|a Отрасли наноиндустрии. Области применения наноматериалов
|
| 900 |
|
|
|a Технологические процессы создания наноструктурных материалов для отраслей наноиндустрии
|
| 942 |
|
|
|c BK
|
| 959 |
|
|
|a 63/20120420
|d 2
|e 342,87
|f ЧЗТЛ:1
|f АНЛ:1
|
| 959 |
|
|
|a 59/20130326
|d 3
|e 389,73
|f УФ:3
|